000 00399nam a2200169Ia 4500
008 230711s9999||||xx |||||||||||||| ||und||
041 _aENG
082 _a621.3
_bBL-T
100 _aBlack. William Z
245 0 _aThermodynamics
250 _a1st Ed.
260 _c1985
_aNew Delhi
_bHarper & Row
300 _a755
650 _aMechanical Engineering
700 _aHartley James G
942 _cBK
999 _c1892
_d1892